000 02104nam a2200337 a 4500
001 BRCA_3446
005 20190320204303.0
041 _apor
044 _apo
084 _a735
_b.S55
_c1877
100 1 _aCervantes Saavedra, Miguel de
_d1547-1616
_9213
245 1 0 _aO Engenhoso Fidalgo D. Quichote de la Mancha
_cpor Miguel de Cervantes Saavedra ; TraducÇáo do Visconde de Benalcanfor.
260 _aLisboa
_bFrancisco Arthur da Silva
_c1877-78
300 _a2 v.
_bil.
_c23 cm.
500 _aContenido : v.1. Primera parte. Retrato de Cervantes. Escudo de la edición príncipe. Dedicatoria del autor. Advertencia del editor. Versos preliminares. Vida de Cervantes por Aribau, traducida al portugués. Prólogo del autor. 1877. -- v.2. Segunda parte. Dedicatoria y prólogo del autor. Notas finales sobre Avellaneda y libros de caballería. 1878
500 _aEdición : Ornada con 31 gravuras auxiliado para mais facil interpretaÇáo, comprohendendo a intercalada no texto por Luis Breton y Vedra. Desenhos de Manuel de Macedo gravuras de José Severini
500 _aBuena traducción de Benalcanfor y Breton y Vedra. Conserva el escudo de la edición príncipe con el mote: Post tenebras spero lucem, que los traductores atribuyen a Cervantes. Va precedida de una Vida de Cervantes, traducida de la que escribió Aribau, y proveída de notas. Los dibujos son obra de Macedo. La impresión es muy buena. Semipiel; lomeras adornadas con dorados Lúdovik Osterc
500 _aIncluye índice : De ilustraciones
500 _aQM576
546 _aTexto en : portugués
650 1 4 _aNovela española
_yÉpoca clásica, 1500-1700
_9215
650 1 4 _aLiteratura española
_yÉpoca clásica, 1500-1700
_9216
650 1 4 _aNovela española
_ySiglo XVII
_9217
650 1 4 _aDon Quijote (Personaje ficticio)
_eNovela
_9218
700 1 _aBreton y Vedra, Luis
_d1833-?
_eEditor
_99015
700 1 _aMacedo, Manuel de
_d1839-1915
_eIlustrador
_99016
700 1 _aSeverini, José
_d1852-1882
_eGrabador
_99017
740 0 _aEl Ingenioso Hidalgo Don Quijote de la Mancha
902 _aQFM
942 _2lcc
_cB
999 _c3182
_d3182